Abudantia

Bibliographic Details
Main Author: Roth, Peter (Author)
Format: Article
Language:Slovak
PhysicalDescription:Fotogr.
Subjects:

MARC

LEADER 00000nab a2200000 a 4500
001 vtls001022210
003 SK-MaSNL
005 20260303190107.0
008 040720e19940310xo 0 slo
035 |a SL800 
040 |a SLLK  |b slo  |c SLLK  |e AACR2 
041 0 |a slo 
044 |a xo  |c SK 
080 |a 069.013  |2 1981 
100 1 |a Roth, Peter  |4 aut  |9 9023 
245 1 0 |a Abudantia  |c Peter Roth 
300 |b Fotogr. 
610 2 7 |a Okresné vlastivedné múzeum (Stará Ľubovňa, Slovensko)  |2 SLLK  |9 102665 
650 0 7 |a prívesok mosadzný  |2 SLLK  |9 1218061 
650 0 7 |a dary  |2 SLLK  |9 2219 
651 7 |a Stará Ľubovňa (Slovensko)  |2 snkbucl  |9 19193 
773 0 8 |t Ľubovnianske noviny  |g Roč. 20, č.10, 10.3.1994, s. 4 
852 |a ZVYKNI  |b KIS3GCP 
999 |c 2134530  |d 2136460